LEADER 01392nam a2200301 i 4500 001 991000488729707536 005 20260226113139.0 008 000214s1999 it ||| | ita 020 $c50000 035 $ab1008499x-39ule_inst 035 $aLE02516972$9ExL 040 $aBibl. Dip.le Aggr. Scienze Economia - Sez. Settore Economico 082 04$a342.4509 100 1 $aMeale, Guido$0232530 245 10$aDiritto regionale /$cGuido Meale 250 $aNuova ed. riveduta, ampliata ed aggiornata alla luce delle leggi e dei decreti legislativi Bassanini e del nuovo rapporto tra i soggetti di autonomia. 260 $aBari :$bCacucci,$c1999 300 $a385 p. ;$c24 cm. 500 $aIn testa al front.: Istituto di diritto pubblico della Facoltà giuridica dell'Università di Bari. 650 4$aRegione$xOrdinamento 907 $a.b1008499x$b02-04-14$c27-06-02 912 $a991000488729707536 945 $aLE025 ECO 342 MEA01.01 1999$g1$i2025000068896$lle025$o-$pE0.00$q-$rl$s-$t0$u2$v0$w2$x0$y.i10097971$z27-06-02 945 $aLE025 ECO 342 MEA01.01 1999$g2$i2025000068902$lle025$o-$pE0.00$q-$rl$s-$t0$u0$v0$w0$x0$y.i10097983$z27-06-02 945 $aLE025 ECO 342 MEA01.01 1999$g3$i2025000068919$lle025$o-$pE0.00$q-$rl$s-$t0$u2$v0$w2$x0$y.i10097995$z27-06-02 996 $aDiritto regionale$9196164 997 $aUNISALENTO 998 $ale025$b01-01-00$cm$da$e-$fita$git$h0$i3